00636nam a22001337a 4500003000400000245005400004260002300058310000600081942001200087952015000099952011800249952011800367999001700485SGT aOBESTETRICS AND GYNECOLOGY CLINICS NORTH AMERICA  bELSEVIER PUBc2021 a4 2ddccLJ 00102ddc4070aFMbFMcREFd2021-12-10g72121.00hVOL. 48, ISSUE- 1 (JAN, 2021)iSGTUl0r2021-12-10 00:00:00w2021-12-10yLJkASA/PF/789/20-21 00102ddc4070aFMbFMd2021-12-10hVOL. 48, ISSUE- 2 (JUNE, 2021)iSGTUl0r2021-12-10 00:00:00w2021-12-10yLJ 00102ddc4070aFMbFMd2021-12-10hVOL. 48, ISSUE- 3 (SEPT, 2021)iSGTUl0r2021-12-10 00:00:00w2021-12-10yLJ c22059d22059